|
|
|
|
| LEADER |
00000nam a22000004a 4500 |
| 001 |
AR-BbUGT2661 |
| 003 |
AR-BbUGT |
| 005 |
20181220001658.0 |
| 007 |
ta |
| 008 |
061101t1969 ag |0|||0|spa d |
| 040 |
|
|
|a AR-BbUGT
|b spa
|c AR-BbUGT
|
| 082 |
0 |
4 |
|a 333.79
|
| 100 |
1 |
|
|a Cafasso, José.
|
| 245 |
1 |
0 |
|a Energía:
|b políticas y estrategias propuestas a diez años. Trabajo de investigación /
|c José Cafaso, Enrique Molina Pico y Enrique Recchi.
|
| 260 |
|
|
|a Bahía Blanca :
|b Universidad Nacional del Sur. Seminario de Intereses Nacionales,
|c 1969.
|
| 300 |
|
|
|a 276 p. ;
|c 30 cm
|
| 653 |
|
|
|a Energías no convencionales
|
| 653 |
|
|
|a Política energética prevista
|
| 700 |
1 |
|
|a Molina Pico, Enrique.
|
| 700 |
1 |
|
|a Recchi, Enrique.
|
| 942 |
|
|
|c BK
|h 333.79
|i C117 II
|2 ddc
|6 333_790000000000000_C117_II
|
| 999 |
|
|
|c 10226
|d 10226
|